000 00604nam a2200217 a 4500
999 _c4030
_d4030
001 4030
003 BD-JhCC
005 20171122194054.0
008 171121s1960 ||||| |||| 00| 0 eng d
035 _a(BD-JhCC)
040 _aBD-JhCC
_dBD-JhCC
041 _aeng
082 _a823.09
_bFAU 1960
100 _aM.G. M. Faucett
245 _aThe good little men and other stories /
_cM.G. M. Faucett
260 _aLondon :
_bOxford University press,
_c1960
300 _a32 p. :
_c20cm.
490 _aThe Oxford English Course Supplementary Readers, Stage 4
650 _aShort Stories
942 _2ddc
_cBK